Video Games by Year: 2010 - Statistics

General Stats
  • This quiz has been taken 136 times
  • The average score is 7 of 16
Answer Stats
Picture Answer % Correct
Red Dead Redemption
93%
God of War III
71%
Limbo
59%
Call of Duty: Black Ops
52%
Heavy Rain
49%
Yakuza 4
48%
Amnesia: The Dark Descent
46%
Bioshock 2
46%
Alan Wake
45%
Mass Effect 2
41%
Gran Turismo 5
29%
Deadly Premonition
20%
VVVVVV
20%
Need for Speed: Hot Pursuit
16%
Battlefield: Bad Company 2
15%
Metal Gear Solid: Peace Walker
9%
No matching quizzes found
Score Distribution
Percent of People with Each Score
Percentile by Number Answered
Your Score History
You have not taken this quiz